5 Biggest cities in Texas - Statistics

General Stats
  • This quiz has been taken 33 times
  • The average score is 5 of 5
Answer Stats
Hint Answer % Correct
3 Dallas
100%
1 Houston
100%
4 Austin
96%
2 San Antonio
89%
5 Fort Worth
71%
No matching quizzes found
Score Distribution
Percent of People with Each Score
Percentile by Number Answered
Your Score History
You have not taken this quiz